Empowering locales: Need for an effective community media (Record no. 104110)

000 -LEADER
fixed length control field 01398pab a2200181 454500
008 - FIXED-LENGTH DATA ELEMENTS--GENERAL INFORMATION
fixed length control field 180718b2014 xxu||||| |||| 00| 0 eng d
100 ## - MAIN ENTRY--PERSONAL NAME
Personal name Khan, Moina
245 ## - TITLE STATEMENT
Title Empowering locales: Need for an effective community media
260 ## - PUBLICATION, DISTRIBUTION, ETC.
Date of publication, distribution, etc. 2014
300 ## - PHYSICAL DESCRIPTION
Extent p.155-166.
362 ## - DATES OF PUBLICATION AND/OR SEQUENTIAL DESIGNATION
Dates of publication and/or sequential designation Jan-Mar
520 ## - SUMMARY, ETC.
Summary, etc. India is a pluralistic society, and a synthetic mosaic constructed with an amalgamation of different kinds of communities and hence community communication becomes an urgent need. Though with the phase two of FM licensing in July 2005, airwaves were made accessible and many community radio stations belonging to non-government organisations and educational institutions were set up all over India. Many campus community radio stations have been set up in urban areas under the governance of respective educational institutions, with an aim that these will act as a good communication agent. In Indian metropolitan cities, where there are many sources for information and entertainment, what is the image of community radio stations among its audience? Campus people, can be aware of it, but what about the community it caters to? Why do they actually listen to it? Do they actually depend on this kind of communication strategy? - Reproduced.
650 ## - SUBJECT ADDED ENTRY--TOPICAL TERM
Topical term or geographic name entry element Local press
650 ## - SUBJECT ADDED ENTRY--TOPICAL TERM
Topical term or geographic name entry element Communication
773 ## - HOST ITEM ENTRY
Main entry heading Indian Journal of Public Administration
908 ## - PUT COMMAND PARAMETER (RLIN)
Put command parameter N
909 ## -
-- 104114
Holdings
Withdrawn status Lost status Damaged status Not for loan Permanent Location Current Location Date acquired Serial Enumeration / chronology Barcode Date last seen Price effective from Koha item type
        Indian Institute of Public Administration Indian Institute of Public Administration 2018-07-19 Volume no: 60, Issue no: 1 AR104574 2018-07-19 2018-07-19 Articles

Powered by Koha